01756nam a2200469 i 450000100060000000300080000600500170001400600190003100700150005000800410006502000270010602000180013303500230015103500240017403500250019803500210022304000310024405000230027508000100029808200170030810000220032524500810034726400900042830000410051833600310055933700330059033800430062349000440066650400630071058801250077365000270089865000290092565000320095465000360098665000320102265000340105465100310108865100360111965500270115583000420118285600620122424696FlNmELB20241216215748.0m o d | cr cnu||||||||150318s2008 mx ob 000 0 spa d a9781449274467 (e-book) z9789708190954 a(MiAaPQ)EBC3228027 a(Au-PeEL)EBL3228027 a(CaPaEBR)ebr11028619 a(OCoLC)992018986 aFINmELBbspaerdacFINmELB 4aHN113.5b.M54 2008 a304.20 a306.09722231 aMillán, René.10aComplejidad social y nuevo orden en la sociedad mexicana /cRené Millán. 1aMéxico, D.F. :bUNAM-Instituto de Investigaciones Sociales :bM.A. Porrúa,c2008. a1 recurso en línea (266 páginas) atextobtxt2rdacontent/spa acomputadorabc2rdamedia/spa arecurso en líneabcr2rdacarrier/spa1 aLas Ciencias sociales. Segunda década aContiene referencias bibliográficas (páginas 253-266). aDescripción basada en recurso en línea; Título de la página del título en PDF (e-libro, visto March 18, 2015). 0aSocial changezMexico. 4aCambio socialzMéxico. 0aDifferentiation (Sociology) 4aDiferenciaciónxSociología. 0aSocial integrationzMexico. 4aIntegracion socialzMéxico. 0aMexicoxSocial conditions. 4aMéxicoxCondiciones sociales. 4aLibros electrónicos. 0aCiencias sociales.pSegunda década.40uhttps://elibro.net/ereader/politecnicointernacional/76087